000 01209nam a2200337 i 4500
001 195904
003 ES-MaACL
005 20250829034410.0
008 240802s2016 sp 001 f spa cd
017 _aD.L. B 39654-2009
020 _a9788432212758
035 _aRebiun26261020
040 _aSpMaUCES
_bspa
_cES-MaACL
080 _a821.134.2-31"19"
100 1 _aMuñoz Molina, Antonio,
_d1956-
_984461
245 1 3 _aLa noche de los tiempos /
_cAntonio Muñoz Molina.
250 _aPrimera edición: noviembre 2009
260 _aBarcelona :
_bSeix Barral,
_c2009
300 _a958 p. ;
_c23 cm
336 _2rdacontent
_atexto
337 _2rdamedia
_asin mediación
338 _2rdacarrier
_avolumen
490 1 _aBiblioteca breve (Seix Barral)
830 _9227188
_aBiblioteca breve (Seix Barral)
852 _aES-MaACL
_bR. 152700
_cDEPOJ
_jN-9023
_hDonación: José Lázaro
_xEncuadernación: rústica con solapas
903 _9234219
_aLázaro García, José
_ednr
942 _cMONOGRAFIA
_n0
954 _iTatiana Alejandra de Castro Pérez
999 _c195904
_d195904